| 000 | 00868cam a22002535a 4500 | ||
|---|---|---|---|
| 001 | 012648127 | ||
| 005 | 20180128143448.0 | ||
| 008 | 821018t1982 enka frb 001 0 eng d | ||
| 020 | _a0709908121 | ||
| 040 |
_aUk _cUk _beng _dEG-ScBUE |
||
| 043 | _aew----- | ||
| 082 | 0 | 4 |
_a658.788094 _222 _bDAW |
| 100 | 1 | _aDawson, John A. | |
| 245 | 1 | 0 |
_aCommercial distribution in Europe / _cJohn A. Dawson. |
| 260 |
_aLondon ; _aCanberrs : _bCroom Helm, _cc.1982. |
||
| 300 |
_a244 p. : _bill. ; _c23 cm. |
||
| 504 | _aIncludes bibliographical references and index. | ||
| 541 | _aDonation from David Kirby. | ||
| 650 | 7 |
_aWholesale trade _zEuropean Economic Community countries _xHistory _y20th century. _2BUEsh |
|
| 650 | 7 |
_aRetail trade _zEuropean Economic Community countries _xHistory _y20th century. _2BUEsh |
|
| 651 | _2BUEsh | ||
| 653 |
_bGGEN _cJanuary2018 |
||
| 942 | _2ddc | ||
| 999 |
_c26024 _d25996 |
||